Sin in the Second City: Madams, Ministers, Playboys, and the Battle for America's Soul / (Record no. 616388)

000 -LEADER
fixed length control field 00415nam a22001337a 4500
020 ## - INTERNATIONAL STANDARD BOOK NUMBER
Qualifying information PB.
040 ## - CATALOGING SOURCE
Transcribing agency Fizza Ishaq
082 ## - DEWEY DECIMAL CLASSIFICATION NUMBER
Classification number 306.740
Author Mark KAR
100 ## - MAIN ENTRY--PERSONAL NAME
Personal name Abbott, Karen.
9 (RLIN) 133437
245 ## - TITLE STATEMENT
Title Sin in the Second City: Madams, Ministers, Playboys, and the Battle for America's Soul /
Statement of responsibility, etc. Karen Abbott.
260 ## - PUBLICATION, DISTRIBUTION, ETC.
Place of publication, distribution, etc. New York :
Name of publisher, distributor, etc. Random House,
Date of publication, distribution, etc. 2007.
300 ## - PHYSICAL DESCRIPTION
Extent 339 P, ;
Dimensions 5.4 x 8.1 x 1 inches
942 ## - ADDED ENTRY ELEMENTS (KOHA)
Source of classification or shelving scheme
Koha item type Book
Holdings
Withdrawn status Lost status Source of classification or shelving scheme Damaged status Not for loan Permanent Location Current Location Shelving location Date acquired Total Checkouts Full call number Barcode Date last seen Price effective from Koha item type
          NUST Baluchistan Campus (NBC) NUST Baluchistan Campus (NBC) General Stacks 02/24/2026   306.740 KAR QD-580 02/24/2026 02/24/2026 Book
© 2023 Central Library, National University of Sciences and Technology. All Rights Reserved.